English: MFM (Critical Opinions) Quiz Stats

Quiz not verified by Sporcle

Also try: First Works
Challenge
Share
Tweet
Embed
Score 0/20 Timer 04:00
0 Plays Today
% Correct
The Duke
70%
Isabella
70%
Lucio
70%
Isabella
60%
Lucio
60%
Angelo
60%
Measure for Measure
60%
Isabella
50%
Angelo
50%
Angelo
50%
% Correct
Angelo
50%
Measure for Measure
50%
Measure for Measure
50%
The Duke
40%
Isabella
40%
The Duke
40%
Lucio
40%
Measure for Measure
40%
Lucio
30%
The Duke
20%

You're not logged in!

Compare scores with friends on all Sporcle quizzes.
Sign Up with Email
OR
Log In

You Might Also Like...

Show Comments

Extras

Top Quizzes Today


Score Distribution

Your Account Isn't Verified!

In order to create a playlist on Sporcle, you need to verify the email address you used during registration. Go to your Sporcle Settings to finish the process.